AUDELTS WELDERS GUIDE AND HANDBOOK (Record no. 582409)

000 -LEADER
fixed length control field 00271nam a22001217a 4500
082 ## - DEWEY DECIMAL CLASSIFICATION NUMBER
Classification number 671.52 BRV'W
100 ## - MAIN ENTRY--PERSONAL NAME
Personal name BRUMBAUGH, J.E
9 (RLIN) 77085
245 ## - TITLE STATEMENT
Title AUDELTS WELDERS GUIDE AND HANDBOOK
250 ## - EDITION STATEMENT
Edition statement 3RD
260 ## - PUBLICATION, DISTRIBUTION, ETC.
Place of publication, distribution, etc. BOMBAY
Name of publisher, distributor, etc. D.B.T
Date of publication, distribution, etc. 1976
300 ## - PHYSICAL DESCRIPTION
Extent 918P
942 ## - ADDED ENTRY ELEMENTS (KOHA)
Koha item type Book
Holdings
Withdrawn status Lost status Damaged status Not for loan Permanent Location Current Location Shelving location Date acquired Total Checkouts Full call number Barcode Date last seen Price effective from Koha item type
        College of Electrical & Mechanical Engineering (CEME) College of Electrical & Mechanical Engineering (CEME) General Stacks 06/05/2017   671.52 BRV'W CEME-10240 06/28/2021 06/28/2021 Book
© 2023 Central Library, National University of Sciences and Technology. All Rights Reserved.